书目信息 |
| 题名: |
社会与政治运动讲义
|
|
| 作者: | 赵鼎新 著 | |
| 分册: | ||
| 出版信息: | 北京 社会科学文献出版社 2006 |
|
| 页数: | 313页 | |
| 开本: | 24cm | |
| 丛书名: | 清华社会学讲义 | |
| 单 册: | ||
| 中图分类: | C916 , D564 | |
| 科图分类: | ||
| 主题词: | 社会运动--研究--西方国家 , 政治运动--研究--西方国家 , 社会运动 , 政治运动 | |
| 电子资源: | ||
| ISBN: | 7-80190-975-5 | |
| 000 | 00979oam2 2200301 450 | |
| 001 | 1259385391 | |
| 005 | 20121003163025.32 | |
| 010 | @a7-80190-975-5@dCNY39.00 | |
| 100 | @a20060410d2006 em y0chiy0110 ea | |
| 101 | 0 | @achi@eeng |
| 102 | @aCN@b110000 | |
| 105 | @ay z 000yy | |
| 200 | 1 | @a社会与政治运动讲义@9she hui yu zheng zhi yun dong jiang yi@f赵鼎新著 |
| 210 | @a北京@c社会科学文献出版社@d2006 | |
| 215 | @a313页@d24cm | |
| 225 | 2 | @a清华社会学讲义 |
| 330 | @a本书的内容包括:导论:社会运动与革命的界定及社会学研究方法;西方社会主义运动与革命理论发展;集体行为理论及情感在社会运动中的作用等。 | |
| 461 | 0 | @12001 @a清华社会学讲义 |
| 510 | 1 | @aSocial and political movements@zeng |
| 606 | 0 | @a社会运动@x研究@y西方国家 |
| 606 | 0 | @a政治运动@x研究@y西方国家 |
| 606 | 0 | @a社会运动 |
| 606 | 0 | @a政治运动 |
| 690 | @aC916@v4 | |
| 690 | @aD564@v4 | |
| 701 | 0 | @a赵鼎新@9zhao ding xin@4著 |
| 801 | 0 | @aCN@bRENTIAN@c20060410 |
| 905 | @a10447@dC916@eJY244 | |
| 社会与政治运动讲义/赵鼎新著.-北京:社会科学文献出版社,2006 |
| 313页;24cm.-(清华社会学讲义) |
| ISBN 7-80190-975-5:CNY39.00 |
| 本书的内容包括:导论:社会运动与革命的界定及社会学研究方法;西方社会主义运动与革命理论发展;集体行为理论及情感在社会运动中的作用等。 |
| ● |
| 相关链接 |
|
|
|
|
正题名:社会与政治运动讲义
索取号:C916/JY244
 
预约/预借
| 序号 | 登录号 | 条形码 | 馆藏地/架位号 | 状态 | 备注 |
| 1 | 7810790 | 278107905 | 学院路分馆/ [索取号:C916/JY244] | 在馆 | |
| 2 | 7810791 | 278107914 | 学院路分馆/ [索取号:C916/JY244] | 在馆 |